000
00305nam a22001337a 4500
999
_c
168265
_d
168265
082
_a
_b
100
_a
Nagappa Gowda K
245
_a
The Bhagavadgita in the nationalist discourse/
_c
by Nagappa Gowda K.
260
_a
_b
Oxford,
_c
2011.
300
_a
286p.
600
_a
650
_a
942
_c
BK